Twin towers to tumble. (Record no. 61204)

MARC details
000 -LEADER
fixed length control field 00697cam a2200205 4500
001 - CONTROL NUMBER
control field WB3529-09
008 - FIXED-LENGTH DATA ELEMENTS--GENERAL INFORMATION
fixed length control field 000000n1999 000 0 eng u
035 ## - SYSTEM CONTROL NUMBER
System control number (Sirsi) u102112
245 ## - TITLE STATEMENT
Title Twin towers to tumble.
260 ## - PUBLICATION, DISTRIBUTION, ETC.
Date of publication, distribution, etc. 1999
490 ## - SERIES STATEMENT
Series statement Financial Times
Volume/sequential designation 30 July 1999, 7
490 ## - SERIES STATEMENT
Series statement Times
Volume/sequential designation 30 July 1999, 7(2)
520 ## - SUMMARY, ETC.
Summary, etc. Reveals the new design for Wembley stadium, which will have an increased capacity of 90,000. The costs of the project have risen to £475m, due to adding extra facilities, such as a hotel.
650 ## - SUBJECT ADDED ENTRY--TOPICAL TERM
Topical term or geographic name entry element WEMBLEY
650 ## - SUBJECT ADDED ENTRY--TOPICAL TERM
Topical term or geographic name entry element STADIA
650 ## - SUBJECT ADDED ENTRY--TOPICAL TERM
Topical term or geographic name entry element BUILDING AND CONSTRUCTION-PROJECTS
650 ## - SUBJECT ADDED ENTRY--TOPICAL TERM
Topical term or geographic name entry element ARCHITECTURE
690 ## - LOCAL SUBJECT ADDED ENTRY--TOPICAL TERM (OCLC, RLIN)
Topical term or geographic name as entry element BUILT ENVIRONMENT
942 ## - ADDED ENTRY ELEMENTS (KOHA)
Suppress in OPAC 0
Holdings
Withdrawn status Lost status Source of classification or shelving scheme Damaged status Not for loan Home library Current library Shelving location Date acquired Total Checkouts Full call number Barcode Date last seen Copy number Price effective from Koha item type
    Dewey Decimal Classification     London London News article 16/11/1999   WB3529-09 102112-1001 06/08/2019 1 06/08/2019 News article